000 nam a22 a 4500
999 _c332654
_d332654
003 BLK
005 20200513140103.0
008 190710b bu ||||| |||| 00| 0 bu d
020 _a978-619-90981-1-0
040 _aBLK
041 _aBUL
_cBUL
080 _aБългарски език
_b811.163.2
_x'34
_z811.163.2'34
100 _9296512
_aИгнатова-Цонева, Димитрина
_eпърви автор
139 _aИгнатова-Цонева, Димитрина
_bИ 29
245 _aМоделиране на фонемната система на съвременния български книжовен език
_cДимитрина Игнатова-Цонева
260 _9209410
_aРусе
_bРусенски унив. Ангел Кънчев
_c2019
300 _a30 с.
_bс табл., ил.
_c23 см
380 _a80
650 0 _9251830
_aБългарски език - фонетика
650 0 _9296515
_aЛингвистика, компютърна
653 7 _9199462
_aфонология
852 _bЦб
_aЦб 295924
942 _cKNG
_n0
_s1
944 _aCR
_c2019-07-10
_kВ.Р
999 _d332654
999 _d332654